QUEST Central Library Banner

Plant Physiology: Bio Chemical Processin in Plants (Record no. 7393)

MARC details
000 -LEADER
fixed length control field 00255nam a2200109 4500
082 ## - DEWEY DECIMAL CLASSIFICATION NUMBER
Classification number 572ILA
100 ## - MAIN ENTRY--AUTHOR NAME
Personal name Ilahi, Ihsan
245 ## - TITLE STATEMENT
Title Plant Physiology: Bio Chemical Processin in Plants
260 ## - PUBLICATION, DISTRIBUTION, ETC. (IMPRINT)
Place of publication Islamabad:
Name of publisher UGC,
Year of publication 1996.
300 ## - PHYSICAL DESCRIPTION
Number of Pages 386p. ;
942 ## - ADDED ENTRY ELEMENTS (KOHA)
Koha item type Books
Holdings
Withdrawn status Lost status Home library Current library Date acquired Full call number Accession Number Koha item type
    Central Library, QUEST, Nawabshah Central Library, QUEST, Nawabshah 20/06/2014 572ILA 25501 Books
    Central Library, QUEST, Nawabshah Central Library, QUEST, Nawabshah 20/06/2014 572ILA 25502 Books

Copyright © 2018,The QUEST, Nawabshah, Shaheed Benazirabad. All rights reserved
Mr. G. Farooq Channar (Librarian) QUEST, Nawabshah, Sindh, Pakistan 67480.
 Ph#: |   0244-9370381-4 Ext. 2308   Email| lib@quest.edu.pk   Web|  http://www.quest.edu.pk